000 00913nam a22002297a 4500
999 _c9024
_d9024
003 AR-CdUCM
008 190327b ||||| |||| 00| 0 spa d
020 _a978-9972-851-31-5
040 _aMUNICIPALIDAD PROVINCIAL DEL CUSCO
_cBIBLIOTECA MUNICIPAL DEL CUSCO
082 _a618.4 /
_bT1
110 _aMinisterio de salud : Dirección general de salud de las personas /
_924972
245 _aTan cerca ...tan lejos :
_bUna mirada a las experiencias exitosas que incrementan al parto institucional en el Perú /
260 _aLima :
_bMinisterio de salud,
_c2007.
300 _a94 paginas ;
_c21 cm.
505 _aContenido :Sobre las experiencias para acercar los servicios de salud materna --Lecciones aprendidas --Retos y recomendaciones /
650 _aSalud materna
_924973
650 _aParto
_924974
650 _aSalud
_98684
710 _aUNICEF
_tMINSA
_924975
942 _2ddc
_cLIBROS
945 _arjall